000
00367nam a2200169Ia 4500
001
9833
008
140327s9999 xx 000 0 und d
020
_a
969-432-100-x
040
_c
PK-LaUMT
082
_a
297.4
_b
KHA-S
100
_a
Khaja Khan
245
_a
Studies in tasawwuf
_c
Khaja Khan
260
_c
1998
300
_a
260 p.
546
_a
EN
942
_c
BK
999
_c
10904
_d
10904